| 000 | 03056nam a2200373 4500 | ||
|---|---|---|---|
| 001 | 77 | ||
| 003 | OSt | ||
| 005 | 20250528074011.0 | ||
| 008 | 250123b |||||||g |||| 00| 1 eng d | ||
| 020 | _a9788599296554 | ||
| 040 | _bpor | ||
| 041 |
_heng _apor |
||
| 082 |
_a813 _bB877s |
||
| 100 | 1 |
_aBrown, Dan, _d1964- _9179 |
|
| 240 | _aThe Lost Symbol | ||
| 245 |
_aO Simbolo Perdido / _cBrown, Dan ; Tradução de Fernanda Abreu |
||
| 260 |
_aRio de Janeiro _bSextante _c2009 |
||
| 300 | _a489 p. | ||
| 490 | 1 |
_aSaga Robert Langdon _vLivro 03 |
|
| 500 | _aO Símbolo Perdido Sequência de: O código Da Vinci | ||
| 520 | _aDepois de ter sobrevivido a uma explosão no Vaticano e a uma caçada humana em Paris, Robert Langdon está de volta com seus profundos conhecimentos de simbologia e sua brilhante habilidade para solucionar problemas. Em O símbolo perdido, o célebre professor de Harvard é convidado às pressas por seu amigo e mentor Peter Solomon - eminente maçom e filantropo - a dar uma palestra no Capitólio dos Estados Unidos. Ao chegar lá, descobre que caiu numa armadilha. Não há palestra nenhuma, Solomon está desaparecido e, ao que tudo indica, correndo grande perigo. Mal'akh, o sequestrador, acredita que os fundadores de Washington, a maioria deles mestres maçons, esconderam na cidade um tesouro capaz de dar poderes sobre-humanos a quem o encontrasse. E está convencido de que Langdon é a única pessoa que pode localizá-lo. Vendo que essa é sua única chance de salvar Solomon, o simbologista se lança numa corrida alucinada pelos principais pontos da capital americana: o Capitólio, a Biblioteca do Congresso, a Catedral Nacional e o Centro de Apoio dos Museus Smithsonian. Neste labirinto de verdades ocultas, códigos maçônicos e símbolos escondidos, Langdon conta com a ajuda de Katherine, irmã de Peter e renomada cientista que investiga o poder que a mente humana tem de influenciar o mundo físico. O tempo está contra eles. E muitas outras pessoas parecem envolvidas nesta trama que ameaça a segurança nacional, entre elas Inoue Sato, autoridade máxima do Escritório de Segurança da CIA, e Warren Bellamy, responsável pela administração do Capitólio. Como Langdon já aprendeu em suas outras aventuras, quando se trata de segredos e poder, nunca se pode dizer ao certo de que lado cada um está. Nas mãos de Dan Brown, Washington se revela tão fascinante quanto o Vaticano ou Paris. Em O Símbolo Perdido, ele desperta o interesse dos leitores por temas tão variados como ciência noética, teoria das supercordas e grandes obras de arte, os desafiando a abrir a mente para novos conhecimentos. | ||
| 650 | 0 |
_aLiteratura Americana _984 |
|
| 650 | 0 |
_aSuspense _910 |
|
| 650 | 0 |
_aMistério _942 |
|
| 650 | 0 |
_aAventura _947 |
|
| 650 | 0 |
_aHistórico _953 |
|
| 650 | 0 |
_aPolitica _9138 |
|
| 650 | 0 |
_aMaçonaria _9184 |
|
| 655 | 0 |
_aRomance _923 |
|
| 655 | 0 |
_aFicção _922 |
|
| 700 |
_aFernanda Abreu _eTradutor _9185 |
||
| 830 |
_aSaga Robert Langdon _9181 _vLivro 03 |
||
| 942 |
_2ddc _n0 _cBK |
||
| 999 |
_c77 _d77 |
||